000 00921nmm a2200289 a 4500
001 ocm000577110
003 TR-IsHL
005 20201028121842.0
008 131028s1994 tu tur
007 cr cn
020 _a9789755200200
035 _a577110
_b(N$T)
050 0 4 _aPT2666.R5
_bG8 1994
090 0 4 _aPT2666.R5
_bG8 1994
100 1 _aFrischmuth, Barbara
245 1 0 _aGüneşte gölgenin yokoluşu
_h[electronic resource] /
_cBarbara Frischmuth ; çev. Gürsel Aytaç
250 _a1. bs.
260 _aAnkara :
_bGündogan Yayınları,
_c1994
300 _a144 p.
650 4 _aDil ve Edebiyat
650 4 _aLanguage and Literature
650 0 _aAlman romanı
650 0 _aGerman fiction
650 7 _aLITERARY COLLECTIONS / European / German
_2bisacsh
700 1 _aAytaç, Gürsel
856 4 0 _uhttp://search.ebscohost.com/login.aspx?direct=true&scope=site&db=e011xww&AN=577110
999 _c1551
_d1551